|
|
|
|
| LEADER |
01097nam a2200301 a 4500 |
| 001 |
2879 |
| 003 |
BD-DhAAL |
| 005 |
20150620092750.0 |
| 008 |
150620s1995 enk b 001 0 eng |
| 010 |
|
|
|a 94034121
|
| 020 |
|
|
|a 185742199X
|
| 020 |
|
|
|a 1857422007 (pbk.)
|
| 040 |
|
|
|a DLC
|c DLC
|d DLC
|d BD-DhAAL
|
| 050 |
0 |
0 |
|a HV31
|b .B28 1995
|
| 082 |
0 |
0 |
|a 361
|2 20
|
| 100 |
1 |
|
|a Bateman, Neil,
|d 1955-
|9 12273
|
| 245 |
1 |
0 |
|a Advocacy skills :
|b a handbook for human service professionals /
|c Neil Bateman.
|
| 260 |
|
|
|a Aldershot, England :
|b Arena ;
|a Brookfield, Vt., USA :
|b Ashgate Pub. Co.,
|c c1995.
|
| 300 |
|
|
|a xi, 156 p. ;
|c 24 cm.
|
| 504 |
|
|
|a Includes bibliographical references (p. 151-153) and index.
|
| 541 |
|
|
|e 2879
|
| 650 |
|
0 |
|a Social advocacy.
|9 12274
|
| 650 |
|
0 |
|a Human services
|x Philosophy.
|9 12275
|
| 650 |
|
0 |
|a Human services
|x Methodology.
|9 12276
|
| 650 |
|
0 |
|a Social service
|x Methodology.
|9 12277
|
| 942 |
|
|
|2 ddc
|c BK
|
| 999 |
|
|
|c 34779
|d 34779
|
| 952 |
|
|
|0 0
|1 0
|2 ddc
|4 0
|6 361_000000000000000_BAT
|7 0
|9 54407
|a SCL
|b SCL
|c GEN
|d 2015-06-20
|l 0
|o 361 BAT
|p 3020002879
|r 2015-06-20
|t 1
|w 2015-06-20
|y BK
|